First All-Foreign Premier League 16-Squad - Arsenal 2005 - Statistics

General Stats
  • This quiz has been taken 60 times
  • The average score is 15 of 16
Answer Stats
Player Nationality % Correct
Pascal Cygan France
100%
Gael Clichy France
100%
Robert Pires France
100%
Patrick Vieira France
100%
Thierry Henry France
100%
Mathieu Flamini France
100%
Dennis Bergkamp Netherlands
100%
Robin Van Persie Netherlands
100%
Jens Lehmann Germany
98%
Jose-Antonio Reyes Spain
98%
Manuel Almunia Spain
98%
Cesc Fabregas Spain
98%
Kolo Toure Côte d'Ivoire
94%
Edu Brazil
89%
Lauren Cameroon
77%
Philippe Senderos Switzerland
72%
No matching quizzes found
Score Distribution
Percent of People with Each Score
Percentile by Number Answered
Your Score History
You have not taken this quiz